| 000 | 00911nam a2200277 i 4500 | ||
|---|---|---|---|
| 001 | 175681 | ||
| 003 | ES-MaACL | ||
| 005 | 20250830063316.0 | ||
| 007 | t| | ||
| 008 | 101116s1964 sp ||||1| spa d | ||
| 080 | _a27-31 | ||
| 080 | _a2-584 | ||
| 100 | 1 |
_aSegarra, Juan Antonio. _9105122 |
|
| 245 | 1 | 3 |
_aEl misterio de Cristo _b: introducción dogmática a la vida espiritual / _cJuan Antonio Segarra ; prólogo de Jesús Iturrioz. |
| 260 |
_aMadrid : _bRazón y Fe, _cimp. 1964. |
||
| 300 |
_aXXXI, 548 p. ; _c23 cm. |
||
| 490 | 1 |
_aBiblioteca "Razón y Fe" de Teología ; _v3 |
|
| 500 | _aÍndice. | ||
| 504 | _aBibliografía: p. XXIX-XXXI. | ||
| 600 | 0 | 4 |
_aJesucristo. _966361 |
| 650 | 4 |
_aVida espiritual. _912505 |
|
| 700 | 1 |
_aIturrioz, Jesús. _965638 |
|
| 830 | 0 | 0 |
_aBiblioteca "Razón y Fe" de teología _v3 _9189823 |
| 852 |
_aES-MaACL _jE-13545 _xOlim P-859 |
||
| 999 |
_c175681 _d175681 |
||